|
|
|
|
| LEADER |
00000nam0a2200000 4500 |
| 001 |
190051 |
| 005 |
20231101224245.0 |
| 010 |
|
|
|a 9785767713363
|
| 035 |
|
|
|a (RuTPU)RU\TPU\book\206880
|
| 090 |
|
|
|a 190051
|
| 100 |
|
|
|a 20110114d2009 k y0rusy50 ca
|
| 101 |
0 |
|
|a rus
|
| 102 |
|
|
|a RU
|
| 105 |
|
|
|a a z 001zy
|
| 200 |
1 |
|
|a Непозиционные алгоритмы и устройства цифровой фильтрации и спектрального анализа
|f Н. А. Галанина
|g Чувашский государственный университет (ЧГУ)
|
| 210 |
|
|
|a Чебоксары
|c Изд-во ЧГУ
|d 2009
|
| 215 |
|
|
|a 208 с.
|
| 320 |
|
|
|a Библиогр.: с. 150-160.
|
| 330 |
|
|
|a В монографии рассмотрены вопросы разработки наиболее эффективных методов и средств реализации непозиционных алгоритмов цифровой фильтрации и спектрального анализа в абонентских устройствах связи. Дана оценка вычислительной эффективности этих алгоритмов. Решены задачи улучшения параметров многомерных теоретико-числовых алгоритмов дискретного преобразования Фурье при их реализации в системе остаточных классов. Исследованы и оптимизированы поразрядные алгоритмы дискретного преобразования Фурье. Рассмотрена возможность реализации непозиционных устройств спектрального анализа на современных позиционных сигнальных процессорах. Представлена схема технической реализации поразрядных устройств спектрального анализа и цифровых фильтров в системе остаточных классов в устройствах абонентского доступа. Проведено компьютерное моделирование поразрядных и непозиционных устройств дискретного преобразования Фурье. Для специалистов в области цифровой обработки сигналов, связи и защиты информации, студентов и аспирантов соответствующих специальностей, а также всех, кто интересуется компьютерной обработкой сигналов.
|
| 606 |
1 |
|
|a Фильтры радиоволн
|2 stltpush
|3 (RuTPU)RU\TPU\subj\31638
|9 54444
|
| 610 |
1 |
|
|a абонентские устройства
|
| 610 |
1 |
|
|a цифровая фильтрация
|
| 610 |
1 |
|
|a двоично-кодированные данные
|
| 610 |
1 |
|
|a шифрование
|
| 610 |
1 |
|
|a дешифрование
|
| 610 |
1 |
|
|a вычислительные алгоритмы
|
| 610 |
1 |
|
|a синтез
|
| 610 |
1 |
|
|a преобразование Фурье
|
| 610 |
1 |
|
|a спектральный анализ
|
| 610 |
1 |
|
|a исследования
|
| 610 |
1 |
|
|a оптимизация
|
| 610 |
1 |
|
|a сигналы
|
| 610 |
1 |
|
|a цифровая обработка
|
| 610 |
1 |
|
|a связь
|
| 610 |
1 |
|
|a цифровые устройства
|
| 675 |
|
|
|a 621.372.54
|v 3
|
| 700 |
|
1 |
|a Галанина
|b Н. А.
|g Наталия Александровна
|
| 712 |
0 |
2 |
|a Чувашский государственный университет (ЧГУ)
|c (Чебоксары)
|2 stltpush
|3 (RuTPU)RU\TPU\col\299
|
| 801 |
|
1 |
|a RU
|b 63413507
|c 20110114
|
| 801 |
|
2 |
|a RU
|b 63413507
|c 20130405
|g RCR
|
| 942 |
|
|
|c BK
|
| 959 |
|
|
|a 4/20110114
|d 1
|e 0
|f ЧЗТЛ:1
|